<?xml version="1.0" encoding="UTF-8"?>
<record
    xmlns:xsi="http://www.w3.org/2001/XMLSchema-instance"
    xsi:schemaLocation="http://www.loc.gov/MARC21/slim http://www.loc.gov/standards/marcxml/schema/MARC21slim.xsd"
    xmlns="http://www.loc.gov/MARC21/slim">

  <leader>01560nam a2200361 i 4500</leader>
  <controlfield tag="001">42545</controlfield>
  <controlfield tag="003">ES-MaACL</controlfield>
  <controlfield tag="005">20240513120304.0</controlfield>
  <controlfield tag="007">t|</controlfield>
  <controlfield tag="008">160501s2012    sp           |||| | spa d</controlfield>
  <datafield tag="020" ind1=" " ind2=" ">
    <subfield code="a">978-84-338-5393-6</subfield>
  </datafield>
  <datafield tag="080" ind1=" " ind2=" ">
    <subfield code="a">821.134.2 Ayala, Francisco 1.07</subfield>
  </datafield>
  <datafield tag="100" ind1="1" ind2=" ">
    <subfield code="a">Sobejano, Gonzalo.</subfield>
    <subfield code="9">106979</subfield>
  </datafield>
  <datafield tag="245" ind1="1" ind2="0">
    <subfield code="a">Lecturas de Francisco Ayala / </subfield>
    <subfield code="c">Gonzalo Sobejano.</subfield>
  </datafield>
  <datafield tag="250" ind1=" " ind2=" ">
    <subfield code="a">1&#xAA; ed.</subfield>
  </datafield>
  <datafield tag="260" ind1=" " ind2=" ">
    <subfield code="a">[Granada] : </subfield>
    <subfield code="b">Fundaci&#xF3;n Francisco Ayala : </subfield>
    <subfield code="b">Universidad de Granada,</subfield>
    <subfield code="c">2012.</subfield>
  </datafield>
  <datafield tag="300" ind1=" " ind2=" ">
    <subfield code="a">101 p. ; </subfield>
    <subfield code="c">20 x 12 cm.</subfield>
  </datafield>
  <datafield tag="490" ind1="1" ind2=" ">
    <subfield code="a">Cuadernos de la Fundaci&#xF3;n Francisco Ayala ; </subfield>
    <subfield code="v">6</subfield>
  </datafield>
  <datafield tag="505" ind1="8" ind2=" ">
    <subfield code="a">Contiene: ; </subfield>
    <subfield code="t">Lectura de Francisco Ayala ; </subfield>
    <subfield code="t">Lectura de "El Doliente" / </subfield>
    <subfield code="r">Gonzalo Sobejano / </subfield>
    <subfield code="r">El &#xE1;ngel de Bernini, mi &#xE1;ngel. -- </subfield>
    <subfield code="t">El Doliente / </subfield>
    <subfield code="r">Francisco Ayala. -- </subfield>
    <subfield code="t">Ayala, Sobejano y la lucidez / </subfield>
    <subfield code="r">Jos&#xE9; Mar&#xED;a Pozuelo Yvancos</subfield>
  </datafield>
  <datafield tag="600" ind1="1" ind2="4">
    <subfield code="a">Ayala, Francisco,</subfield>
    <subfield code="d">1906-2009-</subfield>
    <subfield code="x">Cr&#xED;tica e interpretaci&#xF3;n</subfield>
    <subfield code="9">24112</subfield>
  </datafield>
  <datafield tag="700" ind1="1" ind2=" ">
    <subfield code="a">Ayala, Francisco,</subfield>
    <subfield code="d">1906-2009</subfield>
    <subfield code="9">24111</subfield>
  </datafield>
  <datafield tag="700" ind1="1" ind2=" ">
    <subfield code="a">Pozuelo Yvancos, Jos&#xE9; Mar&#xED;a.</subfield>
    <subfield code="9">93557</subfield>
  </datafield>
  <datafield tag="710" ind1="2" ind2=" ">
    <subfield code="a">Fundaci&#xF3;n Francisco Ayala.</subfield>
    <subfield code="9">4309</subfield>
  </datafield>
  <datafield tag="740" ind1="0" ind2="2">
    <subfield code="a">Lectura de "El Doliente"</subfield>
  </datafield>
  <datafield tag="740" ind1="3" ind2="2">
    <subfield code="a">El &#xE1;ngel de Bernini, mi &#xE1;ngel.</subfield>
  </datafield>
  <datafield tag="740" ind1="3" ind2="2">
    <subfield code="a">El Doliente.</subfield>
  </datafield>
  <datafield tag="740" ind1="0" ind2="2">
    <subfield code="a">Ayala, Sobejano y la lucidez.</subfield>
  </datafield>
  <datafield tag="830" ind1="0" ind2=" ">
    <subfield code="a">Cuadernos de la Fundaci&#xF3;n Francisco Ayala ; </subfield>
    <subfield code="v">6</subfield>
    <subfield code="9">229824</subfield>
  </datafield>
  <datafield tag="852" ind1=" " ind2=" ">
    <subfield code="a">ES-MaACL</subfield>
    <subfield code="j">A-13565</subfield>
    <subfield code="9">44117</subfield>
    <subfield code="b">R.150806</subfield>
    <subfield code="c">DEPO1</subfield>
    <subfield code="d">Olim: N-6565</subfield>
    <subfield code="h">Donaci&#xF3;n: Real Academia Espa&#xF1;ola</subfield>
  </datafield>
  <datafield tag="914" ind1=" " ind2=" ">
    <subfield code="9">6336</subfield>
    <subfield code="a">Real Academia Espa&#xF1;ola</subfield>
    <subfield code="e">dnr</subfield>
  </datafield>
  <datafield tag="942" ind1=" " ind2=" ">
    <subfield code="2">udc</subfield>
    <subfield code="c">MONOGRAFIA</subfield>
  </datafield>
  <datafield tag="999" ind1=" " ind2=" ">
    <subfield code="c">42545</subfield>
    <subfield code="d">42545</subfield>
  </datafield>
  <datafield tag="952" ind1=" " ind2=" ">
    <subfield code="0">0</subfield>
    <subfield code="1">0</subfield>
    <subfield code="2">udc</subfield>
    <subfield code="4">0</subfield>
    <subfield code="7">0</subfield>
    <subfield code="a">ATENEOM</subfield>
    <subfield code="b">ATENEOM</subfield>
    <subfield code="c">DEPO1</subfield>
    <subfield code="d">2016-01-05</subfield>
    <subfield code="e">DONACION</subfield>
    <subfield code="l">0</subfield>
    <subfield code="o">A-13565</subfield>
    <subfield code="p">1194595</subfield>
    <subfield code="r">2023-02-23 00:00:00</subfield>
    <subfield code="w">2023-02-23</subfield>
    <subfield code="y">MONOGRAFIA</subfield>
  </datafield>
</record>
